| 000 | 00460 a2200157 4500 | ||
|---|---|---|---|
| 001 | 81553 | ||
| 020 | _a9783540436904 | ||
| 082 | _a658.78 KLO | ||
| 090 |
_c39782 _d39782 |
||
| 100 | _aAndreas Klose :M Grazia Speranza : Luk N Van Wassenhove | ||
| 245 | _aQuantitative Approaches to distribution Logistics and Supply Chain Management | ||
| 260 |
_aNew York _bSpringer _c2002 |
||
| 300 | _aix421 | ||
| 500 | _aDOS BS Reference Books | ||
| 505 | _aAHQ Books | ||
| 942 |
_aCAENUST _k658.78 KLO |
||
| 999 |
_c316626 _d316626 |
||